The art of watching films / (Record no. 30164)

MARC details
000 -LEADER
fixed length control field 01246nam a2200361 i 4500
001 - CONTROL NUMBER
control field 020809717
003 - CONTROL NUMBER IDENTIFIER
control field EG-ScBUE
005 - DATE AND TIME OF LATEST TRANSACTION
control field 20230216054855.0
008 - FIXED-LENGTH DATA ELEMENTS--GENERAL INFORMATION
fixed length control field 221110t2022 nyua f b 001 0 eng d
020 ## - INTERNATIONAL STANDARD BOOK NUMBER
International Standard Book Number 9781265917050 (pbk.)
020 ## - INTERNATIONAL STANDARD BOOK NUMBER
International Standard Book Number 1265917051
040 ## - CATALOGING SOURCE
Original cataloging agency StDuBDS
Language of cataloging eng
Description conventions rda
Transcribing agency StDuBDS
Modifying agency EG-ScBUE
082 04 - DEWEY DECIMAL CLASSIFICATION NUMBER
Classification number 791.43015
Edition number 22
Item number PET
100 1# - MAIN ENTRY--PERSONAL NAME
Personal name Petrie, Dennis W.,
Relator term author.
245 14 - TITLE STATEMENT
Title The art of watching films /
Statement of responsibility, etc Dennis W. Petrie, Trine University, Joseph M. Boggs, Late of Western Kentucky University.
250 ## - EDITION STATEMENT
Edition statement Tenth edition.
250 ## - EDITION STATEMENT
Edition statement International student edition.
264 #1 - PUBLICATION, DISTRIBUTION, ETC. (IMPRINT)
Place of publication, distribution, etc New York, NY :
Name of publisher, distributor, etc McGraw Hill,
Date of publication, distribution, etc [2022]
264 #4 - PUBLICATION, DISTRIBUTION, ETC. (IMPRINT)
Date of publication, distribution, etc ©2022
300 ## - PHYSICAL DESCRIPTION
Extent 1 volume (various pagings) :
Other physical details illustrations (black and white, and colour) ;
Dimensions 24 cm
336 ## - CONTENT TYPE
Content type term text
Source rdacontent
Content type code txt
336 ## - CONTENT TYPE
Content type term still image
Source rdacontent
Content type code txt
337 ## - MEDIA TYPE
Media type term computer
Source rdamedia
Media type code n
338 ## - CARRIER TYPE
Carrier type term online resource
Source rdacarrier
Carrier type code nc
504 ## - BIBLIOGRAPHY, ETC. NOTE
Bibliography, etc Includes bibliographical references and index.
650 #7 - SUBJECT ADDED ENTRY--TOPICAL TERM
Topical term or geographic name as entry element Film criticism.
Source of heading or term BUEsh
653 ## - INDEX TERM--UNCONTROLLED
Resource For college Arts and Design
Arrived date list February2023
655 ## - INDEX TERM--GENRE/FORM
Form subdivision Reading book
700 1# - ADDED ENTRY--PERSONAL NAME
Personal name Boggs, Joseph M.,
Relator term author.
776 08 - ADDITIONAL PHYSICAL FORM ENTRY
Display text Print version :
International Standard Book Number 9781265917050
942 ## - ADDED ENTRY ELEMENTS (KOHA)
Source of classification or shelving scheme Dewey Decimal Classification
Koha item type Book - Borrowing
Holdings
Withdrawn status Lost status Source of classification or shelving scheme Damaged status Not for loan Collection code Home library Current library Shelving location Date acquired Source of acquisition Cost, normal purchase price Serial Enumeration / chronology Total Checkouts Total Renewals Full call number Barcode Date last seen Date checked out Cost, replacement price Price effective from Koha item type
    Dewey Decimal Classification     Baccah Central Library Central Library Second Floor 16/02/2023 Purchase 1344.00 37176 2 21 791.43015 PET 000044795 30/09/2025 22/05/2025 1680.00 16/02/2023 Book - Borrowing